[Event "Barcelona Sant Marti op-B 23rd"]
[Site "Barcelona"]
[Date "2023.07.18"]
[Round "6"]
[White "Riera Mestres, Josep"]
[Black "Serradell Munoz, Silvia"]
[Result "1-0"]
[WhiteElo "1501"]
[BlackElo "1113"]
[PlyCount "87"]
[EventDate "2023.07.13"]
[EventType "swiss"]
[EventRounds "9"]
[EventCountry "ESP"]
[SourceTitle "CBM 215 Extra"]
[Source "ChessBase"]
[SourceDate "2023.09.30"]
[SourceVersion "1"]
[SourceVersionDate "2023.09.30"]
[SourceQuality "1"]

1. d4 Nf6 2. Nf3 d5 3. Bf4 c5 4. e3 Bg4 5. c3 Qb6 6. b3 e6 7. Be2 Be7 8. h3 Bf5 9. 0-0 0-0 10. Nbd2 cxd4 11. cxd4 Nc6 12. Ne5 Nxe5 13. Bxe5 Ne4 14. Nxe4 Bxe4 15. Bd3 Bd6 16. Bxd6 Qxd6 17. Bxe4 dxe4 18. Rc1 Rac8 19. Qd2 Rfd8 20. Rc2 e5 21. Rxc8 Rxc8 22. Rd1 Rd8 23. Qc2 Qd5 24. g4 h6 25. Kf1 Qb5+ 26. Qc4 Qxc4+ 27. bxc4 g6 28. a4 f5 29. Ke2 Kf7 30. d5 Kf6 31. gxf5 gxf5 32. Kd2 Kg5 33. Rg1+ Kf6 34. h4 Rc8 35. Kc3 a6 36. Kb4 f4 37. h5 a5+ 38. Kb5 fxe3 39. fxe3 Kf5 40. c5 Rd8 41. d6 Rc8 42. Rg6 Rf8 43. Kb6 Rf7 44. Kxa5 1-0

[Event "ESP-ch U10"]
[Site "Salobrena"]
[Date "2023.07.05"]
[Round "5"]
[White "Serradell Munoz, Silvia"]
[Black "Roo Perez, Xoel"]
[Result "1/2-1/2"]
[WhiteElo "1113"]
[BlackElo "1416"]
[PlyCount "39"]
[EventDate "2023.07.03"]
[EventType "swiss"]
[EventRounds "9"]
[EventCountry "ESP"]
[SourceTitle "EXT 2024"]
[Source "ChessBase"]
[SourceDate "2023.10.10"]
[SourceVersion "1"]
[SourceVersionDate "2023.10.10"]
[SourceQuality "1"]

1. e4 e5 2. Nf3 Nc6 3. d4 exd4 4. Bc4 Nf6 5. 0-0 Nxe4 6. Nc3 Nxc3 7. bxc3 Be7 8. Re1 0-0 9. cxd4 d5 10. Bd3 Be6 11. Bf4 h6 12. Qd2 Bf6 13. Bxh6 gxh6 14. Qxh6 Re8 15. Bh7+ Kh8 16. Bg6+ Kg8 17. Bh7+ Kh8 18. Bg6+ Kg8 19. Bh7+ Kh8 20. Bg6+ 1/2-1/2

[Event "ESP-ch U10"]
[Site "Salobrena"]
[Date "2023.07.03"]
[Round "1"]
[White "Serradell Munoz, Silvia"]
[Black "Mendoza Barcia, Mateo"]
[Result "0-1"]
[WhiteElo "1113"]
[BlackElo "1484"]
[PlyCount "60"]
[EventDate "2023.07.03"]
[EventType "swiss"]
[EventRounds "9"]
[EventCountry "ESP"]
[SourceTitle "EXT 2024"]
[Source "ChessBase"]
[SourceDate "2023.10.10"]
[SourceVersion "1"]
[SourceVersionDate "2023.10.10"]
[SourceQuality "1"]

1. e4 e5 2. Nf3 Nc6 3. Bc4 Bc5 4. b4 Bxb4 5. c3 Be7 6. d4 exd4 7. 0-0 Nf6 8. e5 Ne4 9. cxd4 d5 10. exd6 Nxd6 11. Bd3 0-0 12. Qc2 h6 13. Bd2 Bg4 14. Ne5 Bd7 15. Nf3 Bf6 16. Qc1 Nxd4 17. Nxd4 Bxd4 18. Nc3 c5 19. Rb1 Bc6 20. Be3 Rc8 21. Re1 Re8 22. Rb2 Qf6 23. Rc2 c4 24. Bf1 b5 25. Bxd4 Qxd4 26. Rxe8+ Rxe8 27. Rd2 Qf4 28. g3 Qf3 29. Nd5 Bxd5 30. Rxd5 Qxd5 0-1